000 00859nam0a22002771 4500
001 RU\NLR\INFOCOMM\LIB1\20957
005 20250617210439.0
035 _a(NLR Aleph) 004342785
090 _a3142105
_c3142105
100 _a20011101d1931 |||y0rusy50 ca
101 0 _afin
102 _aRU
105 _ay ||||000ay
200 1 _aPunaiset tunturisissit
_eromaani
_fO. Johansson
210 _aL.
_cValtion kustannusliike Kirja
_d1931
215 _a112 с.
_d17см
225 2 _aKarjalan proletaaristen kirjailijain liito
300 _aНа об.тит.л.:О.Иогансон.Красные партизаны
300 _aНа 4-й стр. обл.:О.Юхансон
700 1 _aJohansson
_bO.
_gOskari
_4070
801 1 _aRU
_bInfoComm
_c20011101
801 0 _aRU
_bNLR
_gPSBO
852 _aNLR
_bН
_j24-2/101
942 _cBOOK
980 _aNB